Proces analýzy práce vo vybranom podniku a návrh na jeho zlepšenie bakalárska práca

Na minha lista:
Detalhes bibliográficos
Autor principal: Čajkovská, Gabriela
Autor Corporativo: Podnikovohospodárska fakulta EU so sídlom v Košiciach. Katedra manažmentu
Outros Autores: Tomčíková, Monika
Formato: Livro
Idioma:eslovaco
Publicado em: Košice 2016
Tags: Adicionar Tag
Sem tags, seja o primeiro a adicionar uma tag!

MARC

LEADER 00000nbm a2200000 4500
001 0217645
005 20161212140413.1
041 0 |a slo 
044 |a SK 
245 1 0 |a Proces analýzy práce vo vybranom podniku a návrh na jeho zlepšenie  |b bakalárska práca  |c Gabriela Čajkovská ; školiteľ: Monika Tomčíková 
264 1 |a Košice  |c 2016 
300 |a 57 s. 
100 1 |a Čajkovská, Gabriela 
700 1 |a Tomčíková, Monika 
710 2 |a Podnikovohospodárska fakulta EU so sídlom v Košiciach. Katedra manažmentu